| 000 | 01194nam a2200229Ia 4500 | ||
|---|---|---|---|
| 001 | 18098 | ||
| 003 | GE_BSU | ||
| 008 | 181216s||||||||xx |||||||||||||| ||und|| | ||
| 020 | _aISSN 1512-2212 | ||
| 040 | _cGE_BSU | ||
| 080 | _a81(082)+94(479.223) | ||
| 245 | _aსამხრეთ-დასვლეთ საქართველოს სამეცნიერო კვლევითი ცენტრი. კრებული. IV. | ||
| 245 | _cტომის რედ. მ. ფაღავა., ე. მაკარაძე | ||
| 250 | _aბათუმის შოთა რუსთაველის სახ-ფო უნ-ტი. სამხრეთ-დასავლეთ საქართველოს სამეცნიერო კვლევითი ცენტრი | ||
| 260 | _aბათუმი | ||
| 260 | _bბათუმის უნივერსიტეტი | ||
| 260 | _c2005 | ||
| 300 | _a178გვ.27სმ. | ||
| 541 | _h10ლ. | ||
| 653 | _aსაქართველოს განათლებისა და მეცნიერების სამინისტრო. კრებული. V. | ||
| 942 | _cBK | ||
| 999 |
_c51141 _d51141 |
||